Famous Duos by Picture #2 - Statistics

General Stats
  • This quiz has been taken 3,951 times
    3,642 since last reset
  • The average score is 17 of 24
Answer Stats
Picture Answer % Correct
Adam
99%
Mickey
99%
Minnie
99%
Eve
98%
R2-D2
91%
The Road Runner
85%
Tweety
82%
C-3PO
81%
Pumbaa
78%
Timon
73%
Wile E. Coyote
71%
Butt-Head
70%
Beavis
69%
Romulus
69%
Sylvester
69%
Cher
68%
Remus
68%
Ferb
65%
Phineas
65%
Sonny
62%
Tweedledee
52%
Tweedledum
52%
Abbott
37%
Costello
37%
No matching quizzes found
Score Distribution
Percent of People with Each Score
Percentile by Number Answered
Your Score History
You have not taken this quiz since the last reset